|
|
|
|
| LEADER |
00000cam a2200000 7i4500 |
| 001 |
0000058906 |
| 005 |
20160117.0 |
| 008 |
160117 |
| 020 |
|
|
|a 9789670562148
|
| 090 |
0 |
0 |
|a 297.44
|b ZUL
|
| 100 |
1 |
|
|a Zulkifli Mohamad al-Bakri
|c Dr.
|
| 245 |
1 |
0 |
|a Nota untuk anakku
|c Dr. Zulkifli Mohamad al-Bakri
|
| 260 |
|
|
|a Nilai :
|b Pustaka Cahaya Kasturi ,
|c [s.n]
|
| 300 |
|
|
|a 126 p. :
|b ill. ;
|c 21 cm.
|
| 650 |
|
0 |
|a Islam Customs and practices
|
| 650 |
|
0 |
|a Religious life Islam
|
| 999 |
|
|
|a 0001386786
|b Book
|c Adult Collection
|e Perbadanan Perpustakaan Awam Johor
|
| 999 |
|
|
|a 0001386788
|b Book
|c Adult Collection
|e Cawangan Urban Transformation Centre
|
| 999 |
|
|
|a 0001387492
|b Book
|c Adult Collection
|e Cawangan Segamat
|
| 999 |
|
|
|a 0001387494
|b Book
|c Adult Collection
|e Cawangan Tangkak
|
| 999 |
|
|
|a 0001387495
|b Book
|c Adult Collection
|e Cawangan Bandar Tenggara
|
| 999 |
|
|
|a 0001387496
|b Book
|c Adult Collection
|e Cawangan Pontian
|
| 999 |
|
|
|a 0001387497
|b Book
|c Adult Collection
|e Cawangan Tmn. Ungku Tun Aminah
|
| 999 |
|
|
|a 0001387498
|b Book
|c Adult Collection
|e Cawangan Muar
|
| 999 |
|
|
|a 0001387499
|b Book
|c Adult Collection
|e Cawangan Kota Tinggi
|
| 999 |
|
|
|a 0001387500
|b Book
|c Adult Collection
|e Cawangan Pontian
|
| 999 |
|
|
|a 0001387501
|b Book
|c Adult Collection
|e Cawangan Mersing
|
| 999 |
|
|
|a 0001387503
|b Book
|c Adult Collection
|e Cawangan Bukit Gambir
|
| 999 |
|
|
|a 0001387504
|b Book
|c Adult Collection
|e Cawangan Taman Sri Lambak
|
| 999 |
|
|
|a 000138793
|b Book
|c Adult Collection
|e Cawangan Batu Pahat
|
| 999 |
|
|
|a 0001711549
|b Book
|c Teenagers
|e Cawangan Sri Merlong
|